Príprava nanoštrukturovaných povrchov a ich využitie v biorozpoznávaní

Na minha lista:
Detalhes bibliográficos
Autor principal: Bertók, Tomáš (Author)
Outros Autores: Tkáč, Ján, 1972- (Thesis advisor)
Formato: Manuscrito Livro
Idioma:eslovaco
Assuntos:
Acesso em linha:http://is.stuba.sk/zp/portal_zp.pl?podrobnosti=82429
Tags: Adicionar Tag
Sem tags, seja o primeiro a adicionar uma tag!

MARC

LEADER 00000ntm a22000003a 4500
001 stuzp23168
003 SK-STU
005 20160229160051.5
007 ta
008 150427s2015----xo-----f-mn---000-0-slo-d
040 |a STU  |b slo 
041 0 |a slo 
100 1 |a Bertók, Tomáš  |u 044310  |4 aut  |U FCHPT Ústav biotechnológie a potravinárstva  |T FCHPT Oddelenie biochemickej technológie  |X 27629  |U C4310  |Y 116  |7 27629 
242 0 1 |a Preparation of nanostructured interfaces and their use in biorecognition  |y eng 
245 1 0 |a Príprava nanoštrukturovaných povrchov a ich využitie v biorozpoznávaní 
650 4 |a samo-usporiadaná monovrstva  |2 slo 
650 4 |a nanočastice  |2 slo 
650 4 |a glykoproteín  |2 slo 
650 4 |a biosenzor  |2 slo 
650 4 |a lektín  |2 slo 
650 4 |a biosensor  |2 eng 
650 4 |a glycoprotein  |2 eng 
650 4 |a self-assembled monolayer  |2 eng 
650 4 |a nanoparticles  |2 eng 
650 4 |a lectin  |2 eng 
700 1 |a Tkáč, Ján,  |d 1972-  |4 ths  |X 62063  |7 A000062063 
856 4 |u http://is.stuba.sk/zp/portal_zp.pl?podrobnosti=82429 
SQL |a stuzp23168  |b DDZ  |c SLO  |d Príprava nanoštrukturovaných povrchov a ich využitie v biorozpoznávaní  |e 27629  |f Bertók, Tomáš  |g 044310  |h 62063  |i Tkáč, Ján  |j 20140826  |k 134  |l 04  |m http://is.stuba.sk/zp/portal_zp.pl?podrobnosti=82429